00933nas a2200229Ia 4500001001100000003000900011008004100020040001300061040001300074041001300087100004800100210002000148222002000168245008200188250001100270260002800281501008600309300001800395362004300413500021100456650003600667R012/42592IT-RoPAU151124c99999999xx |||||||||||| ||und|| aIT-RoPAU cIT-RoPAU aITALIANO aGiovannoli RenatogCodice Aut. SPICS: 21318 aCINEMA & CINEMA aCinema & Cinema aCINEMA & CINEMA, ANNO 08-N.29 (OTTOBRE-DICEMBRE 1981)bMacchine Astratte (Le) a1a ed. aVENEZIAbMARSILIOc1981 bPaulus - SPICS - Società San Paolo EM (non-commercial uses only)cCopyright2015 a13 p. [44-56] aANNO 008, N.29 (OTTOBRE-DICEMBRE 1981) aBiologia e Cibernetica. Evoluzioni Biomeccaniche. Robopsicologia Matematica. Antropologia e Filosofia del Linguaggio. Sociologia. Psicostoriografia Esociodinamica. Teoria della Guerra. Guerre e Rivoluzioni. aCINEMAvPUBBLICAZIONE PERIODICA